[Event "35.C.to Italiano"]
[Site "Castelvecchio Pascoli - Barga"]
[Date "1974.10.07"]
[Round "6"]
[White "Mariotti, Sergio"]
[Black "Zichichi, Alvise"]
[Result "1/2-1/2"]
[WhiteElo "2465"]
[BlackElo "2355"]
[Annotator "Gabriele Ballarin"]
[PlyCount "55"]
[EventDate "1974.10.01"]
[EventType "tourn"]
[EventRounds "13"]
[EventCountry "ITA"]
[EventCategory "3"]

1. e4 c5 2. Nf3 Nc6 3. d4 cxd4 4. Nxd4 Qc7 5. Nc3 e6 6. Be3 a6 7. Bd3 b5 8. Qe2 Bb7 9. Nxc6 dxc6 10. a4 b4 11. Nb1 Nf6 12. Nd2 c5 13. O-O Be7 14. b3 O-O 15. f4 c4 16. bxc4 e5 17. f5 a5 18. Kh1 Nd7 19. Rf3 Bc5 20. Bxc5 Qxc5 21. Nb3 Qe7 22. c5 Rfc8 23. Raf1 Qf6 24. Qe3 Bc6 25. Ra1 Qe7 26. Rg3 Kf8 27. h3 h6 28. Kh2 1/2-1/2

[Event "35.C.to Italiano"]
[Site "Castelvecchio Pascoli - Barga"]
[Date "1974.10.07"]
[Round "6"]
[White "Micheli, Carlo"]
[Black "Tatai, Stefano"]
[Result "0-1"]
[WhiteElo "2320"]
[BlackElo "2430"]
[Annotator "Gabriele Ballarin"]
[PlyCount "82"]
[EventDate "1974.10.01"]
[EventType "tourn"]
[EventRounds "13"]
[EventCountry "ITA"]
[EventCategory "3"]

1. e4 e6 2. d4 d5 3. Nc3 Nf6 4. e5 Nfd7 5. Nce2 c5 6. c3 Nc6 7. Nf3 cxd4 8. cxd4 Bb4+ 9. Nc3 f6 10. exf6 Nxf6 11. Bd3 O-O 12. O-O Bd7 13. Ne5 Be8 14. Be3 Kh8 15. f4 Bh5 16. Qa4 Ng4 17. Rae1 Ncxe5 18. dxe5 Qh4 19. h3 Nxe3 20. Qxb4 Qg3 21. Rf2 Nxg2 22. Ne2 Qxd3 23. Kxg2 a5 24. Qxb7 Qe4+ 25. Kh2 Qe3 26. Rg2 Ra7 27. Qb3 Qxb3 28. axb3 Bxe2 29. Rgxe2 Rxf4 30. Rc1 Kg8 31. Rc6 Kf7 32. Kg3 Rb4 33. Re3 Rab7 34. Rf3+ Ke7 35. Rc5 Rxb3 36. Rxa5 Rxf3+ 37. Kxf3 Rxb2 38. Ra7+ Kf8 39. Kf4 Rf2+ 40. Ke3 Rh2 41. Kd4 Re2 0-1

[Event "35.C.to Italiano"]
[Site "Castelvecchio Pascoli - Barga"]
[Date "1974.10.07"]
[Round "6"]
[White "Paoli, Enrico"]
[Black "Nestler, Vincenzo"]
[Result "1-0"]
[WhiteElo "2280"]
[BlackElo "2220"]
[Annotator "Gabriele Ballarin"]
[PlyCount "43"]
[EventDate "1974.10.01"]
[EventType "tourn"]
[EventRounds "13"]
[EventCountry "ITA"]
[EventCategory "3"]

1. e4 c5 2. Nf3 e6 3. d4 cxd4 4. Nxd4 Nf6 5. Nc3 d6 6. Be3 a6 7. f4 b5 8. Bd3 Bb7 9. a3 Nbd7 10. O-O Rc8 11. Qf3 Be7 12. Rad1 Nc5 13. g4 O-O 14. g5 Nfd7 15. Qh3 Nxd3 16. cxd3 e5 17. Nf5 exf4 18. Rxf4 Bxg5 19. Rg4 Bxe3+ 20. Qxe3 g6 21. Qh6 Qf6 22. Rh4 1-0

[Event "35.C.to Italiano"]
[Site "Castelvecchio Pascoli - Barga"]
[Date "1974.10.08"]
[Round "7"]
[White "Cosulich, Roberto"]
[Black "Primavera, Roberto"]
[Result "1/2-1/2"]
[WhiteElo "2430"]
[BlackElo "2280"]
[Annotator "Gabriele Ballarin"]
[PlyCount "80"]
[EventDate "1974.10.01"]
[EventType "tourn"]
[EventRounds "13"]
[EventCountry "ITA"]
[EventCategory "3"]

1. e4 e5 2. Nf3 Nc6 3. Bb5 a6 4. Ba4 Nf6 5. O-O b5 6. Bb3 Be7 7. d4 exd4 8. e5 Ne4 9. Re1 Nc5 10. Nxd4 Nxd4 11. Qxd4 Nxb3 12. axb3 O-O 13. Nc3 Bb7 14. Bf4 Bg5 15. Rad1 Bxf4 16. Qxf4 Qe7 17. Ne4 Rae8 18. Ng3 f6 19. Qg4 fxe5 20. Rxd7 Qf6 21. Re2 Re7 22. Ne4 Bxe4 23. Rxe7 Qxe7 24. Qxe4 Qg5 25. g3 Qc1+ 26. Kg2 Qxb2 27. Qd5+ Kh8 28. Qxe5 Qxe5 29. Rxe5 Kg8 30. b4 Rf6 31. Rc5 c6 32. f4 Rd6 33. Kf3 Kf7 34. g4 Rd4 35. c3 Rd6 36. h4 Ke7 37. Ke4 Rh6 38. h5 Rd6 39. g5 Kd7 40. f5 Rd1 1/2-1/2

[Event "35.C.to Italiano"]
[Site "Castelvecchio Pascoli - Barga"]
[Date "1974.10.08"]
[Round "7"]
[White "Nestler, Vincenzo"]
[Black "Mariotti, Sergio"]
[Result "1-0"]
[WhiteElo "2220"]
[BlackElo "2465"]
[Annotator "Gabriele Ballarin"]
[PlyCount "45"]
[EventDate "1974.10.01"]
[EventType "tourn"]
[EventRounds "13"]
[EventCountry "ITA"]
[EventCategory "3"]

1. Nf3 f5 2. d4 Nf6 3. e3 e6 4. Bd3 Be7 5. c4 O-O 6. Nc3 d5 7. Qc2 c6 8. b3 Qe8 9. a3 Ne4 10. Ne5 Nd7 11. Ne2 Qh5 12. O-O Bd6 13. Bb2 Qh6 14. f4 Ndf6 15. Rf3 g5 16. Bxe4 g4 17. Rff1 fxe4 18. Qc1 Qg7 19. Qe1 h5 20. Qh4 Be7 21. Ng3 Bd7 22. Nxh5 Nxh5 23. Qxh5 1-0

[Event "35.C.to Italiano"]
[Site "Castelvecchio Pascoli - Barga"]
[Date "1974.10.08"]
[Round "7"]
[White "Rosino, Antonio"]
[Black "Micheli, Carlo"]
[Result "0-1"]
[WhiteElo "2200"]
[BlackElo "2320"]
[Annotator "Gabriele Ballarin"]
[PlyCount "66"]
[EventDate "1974.10.01"]
[EventType "tourn"]
[EventRounds "13"]
[EventCountry "ITA"]
[EventCategory "3"]

1. e4 d6 2. d4 Nf6 3. Nd2 g6 4. Ngf3 Bg7 5. Bc4 d5 6. exd5 O-O 7. O-O Nxd5 8. c3 Nc6 9. Re1 a5 10. a4 e6 11. Ne4 h6 12. Ne5 Nxe5 13. dxe5 Bxe5 14. Qf3 Bg7 15. Rd1 c6 16. Bf1 f5 17. Nc5 Qe7 18. Nb3 e5 19. c4 Nc7 20. Be3 Ne6 21. Bb6 Qb4 22. c5 e4 23. Qg3 f4 24. Qxg6 Qxb3 25. Qxe4 Qb4 26. Bc4 Kh8 27. Rd6 Ng5 28. Qe2 f3 29. gxf3 Nxf3+ 30. Kh1 Bg4 31. Qe4 Ne5 32. Rxh6+ Bxh6 33. Qxe5+ Bg7 0-1

[Event "35.C.to Italiano"]
[Site "Castelvecchio Pascoli - Barga"]
[Date "1974.10.08"]
[Round "7"]
[White "Tatai, Stefano"]
[Black "Contedini, Ennio"]
[Result "1/2-1/2"]
[WhiteElo "2430"]
[BlackElo "2270"]
[Annotator "Gabriele Ballarin"]
[PlyCount "59"]
[EventDate "1974.10.01"]
[EventType "tourn"]
[EventRounds "13"]
[EventCountry "ITA"]
[EventCategory "3"]

1. e4 e5 2. Nf3 Nc6 3. Bb5 f5 4. d3 fxe4 5. dxe4 Nf6 6. O-O d6 7. Nc3 Be7 8. a3 Be6 9. Qd3 Nh5 10. Nd5 O-O 11. Bc4 Kh8 12. b4 Qd7 13. Kh1 Nd8 14. Be3 Nf7 15. b5 Bg4 16. Ng1 Bg5 17. Qc3 c6 18. bxc6 bxc6 19. Nb4 a5 20. Na2 d5 21. Bxg5 Nxg5 22. f3 dxc4 23. Qxe5 Nf7 24. Qc5 Nf6 25. fxg4 Nxe4 26. Qxc4 Qxg4 27. Qe2 Ne5 28. Nc3 Qxe2 29. Ngxe2 Nxc3 30. Nxc3 1/2-1/2

[Event "35.C.to Italiano"]
[Site "Castelvecchio Pascoli - Barga"]
[Date "1974.10.08"]
[Round "7"]
[White "Zichichi, Alvise"]
[Black "Primavera, Giuseppe"]
[Result "1-0"]
[WhiteElo "2355"]
[BlackElo "2250"]
[Annotator "Gabriele Ballarin"]
[PlyCount "83"]
[EventDate "1974.10.01"]
[EventType "tourn"]
[EventRounds "13"]
[EventCountry "ITA"]
[EventCategory "3"]

1. e4 c5 2. Nf3 Nc6 3. Bb5 g6 4. O-O Bg7 5. Re1 e5 6. c3 Nge7 7. d4 cxd4 8. cxd4 exd4 9. Bg5 Qb6 10. Na3 O-O 11. e5 a6 12. Bxc6 Nxc6 13. Nc4 Qc5 14. Rc1 b5 15. Ncd2 Qd5 16. Qb3 Qxb3 17. Nxb3 Re8 18. Bf4 Nb4 19. Rcd1 d3 20. a3 Nd5 21. Bg3 Bb7 22. Na5 Bc6 23. Rxd3 Rac8 24. Nxc6 dxc6 25. Rc1 Nb6 26. Rdc3 Nc4 27. b3 Nxe5 28. Bxe5 Bxe5 29. Rxc6 Ra8 30. Re1 f6 31. g3 Kg7 32. Nxe5 fxe5 33. Rc7+ Kh6 34. h4 e4 35. b4 Re6 36. Rd1 Rae8 37. Rdd7 Kh5 38. Rxh7+ Kg4 39. Kg2 Rf6 40. Rc5 Rf5 41. Rc6 g5 42. Rg7 1-0

[Event "35.C.to Italiano"]
[Site "Castelvecchio Pascoli - Barga"]
[Date "1974.10.09"]
[Round "8"]
[White "Contedini, Ennio"]
[Black "Rosino, Antonio"]
[Result "0-1"]
[WhiteElo "2280"]
[BlackElo "2200"]
[Annotator "Gabriele Ballarin"]
[PlyCount "88"]
[EventDate "1974.10.01"]
[EventType "tourn"]
[EventRounds "13"]
[EventCountry "ITA"]
[EventCategory "3"]

1. e4 e5 2. Bc4 Bc5 3. Nc3 Nf6 4. d3 d6 5. Na4 Bb6 6. Nxb6 axb6 7. Ne2 Be6 8. Nc3 Nbd7 9. Bg5 Bxc4 10. dxc4 h6 11. Bh4 Nc5 12. f3 Na4 13. Nxa4 Rxa4 14. b3 Ra3 15. O-O g5 16. Be1 O-O 17. Bb4 Ra8 18. a4 Qd7 19. Bd2 Nh5 20. g3 Qh3 21. Qe2 f5 22. exf5 Qxf5 23. Qd3 Qxd3 24. cxd3 Ng7 25. f4 exf4 26. gxf4 g4 27. Rae1 Nf5 28. Bc3 Rfe8 29. Kf2 Rxe1 30. Rxe1 Kf7 31. d4 Re8 32. Rxe8 Kxe8 33. d5 Kf7 34. b4 h5 35. b5 Kg6 36. a5 bxa5 37. Bxa5 b6 38. Bc3 h4 39. Be1 Nd4 40. Bc3 Nb3 41. Ke3 Kf5 42. Be1 h3 43. Bg3 Nc5 44. Kd4 Ne4 0-1

[Event "35.C.to Italiano"]
[Site "Castelvecchio Pascoli - Barga"]
[Date "1974.10.09"]
[Round "8"]
[White "Cosulich, Roberto"]
[Black "Tatai, Stefano"]
[Result "1/2-1/2"]
[WhiteElo "2430"]
[BlackElo "2430"]
[Annotator "Gabriele Ballarin"]
[PlyCount "43"]
[EventDate "1974.10.01"]
[EventType "tourn"]
[EventRounds "13"]
[EventCountry "ITA"]
[EventCategory "3"]

1. e4 g6 2. d4 Bg7 3. Nc3 d6 4. h4 Nf6 5. f3 c6 6. Be3 Qb6 7. b3 e5 8. Nge2 Nbd7 9. Qd2 Qa5 10. dxe5 dxe5 11. Bh6 Nh5 12. Bxg7 Nxg7 13. g3 h5 14. Qd6 Qc5 15. O-O-O Qxd6 16. Rxd6 Ke7 17. Rd2 Nc5 18. Bh3 Bxh3 19. Rxh3 Rhd8 20. Rh1 Nce6 21. Rhd1 Rxd2 22. Kxd2 1/2-1/2

[Event "35.C.to Italiano"]
[Site "Castelvecchio Pascoli - Barga"]
[Date "1974.10.09"]
[Round "8"]
[White "Micheli, Carlo"]
[Black "Zichichi, Alvise"]
[Result "1/2-1/2"]
[WhiteElo "2320"]
[BlackElo "2355"]
[Annotator "Gabriele Ballarin"]
[PlyCount "39"]
[EventDate "1974.10.01"]
[EventType "tourn"]
[EventRounds "13"]
[EventCountry "ITA"]
[EventCategory "3"]

1. e4 e6 2. d4 d5 3. Nd2 Nc6 4. Ngf3 g6 5. h4 Bg7 6. c3 h5 7. g3 Nh6 8. Bg2 O-O 9. O-O Ng4 10. Re1 Ne7 11. Ng5 b6 12. Nf1 Bb7 13. e5 c5 14. f3 Nh6 15. Be3 cxd4 16. cxd4 Rc8 17. Bf2 Qd7 18. Bh3 Rc7 19. Ne3 Ba6 20. a4 1/2-1/2

[Event "35.C.to Italiano"]
[Site "Castelvecchio Pascoli - Barga"]
[Date "1974.10.09"]
[Round "8"]
[White "Primavera, Giuseppe"]
[Black "Nestler, Vincenzo"]
[Result "1/2-1/2"]
[WhiteElo "2250"]
[BlackElo "2220"]
[Annotator "Gabriele Ballarin"]
[PlyCount "92"]
[EventDate "1974.10.01"]
[EventType "tourn"]
[EventRounds "13"]
[EventCountry "ITA"]
[EventCategory "3"]

1. d4 Nf6 2. c4 d6 3. Nc3 e5 4. d5 Be7 5. e4 O-O 6. Bd3 a5 7. Nge2 Na6 8. O-O Nc5 9. Bc2 Nh5 10. Be3 b6 11. Qd2 Bd7 12. b3 g6 13. f4 exf4 14. Nxf4 Nxf4 15. Bxf4 Bf6 16. Rac1 Re8 17. Rf3 Be5 18. Rcf1 Bxf4 19. Qxf4 Rf8 20. e5 Qe7 21. exd6 Qxd6 22. Qxd6 cxd6 23. Rf6 Nb7 24. R6f4 Nc5 25. Rf6 Nb7 26. Ne2 Rae8 27. Nd4 Kg7 28. R6f3 Nc5 29. h3 Nb7 30. Rg3 Kh8 31. Rgf3 Kg7 32. Rf6 Re5 33. R6f4 Ree8 34. Nf3 f6 35. Nd4 Nc5 36. R4f3 Rf7 37. a3 Re5 38. b4 axb4 39. axb4 Ne4 40. Bxe4 Rxe4 41. Rf4 Rxf4 42. Rxf4 Re7 43. Nc6 Re8 44. Kf2 h5 45. Rf3 Ra8 46. Re3 Kf8 1/2-1/2

[Event "35.C.to Italiano"]
[Site "Castelvecchio Pascoli - Barga"]
[Date "1974.10.09"]
[Round "8"]
[White "Primavera, Roberto"]
[Black "Toth, Bela"]
[Result "1/2-1/2"]
[WhiteElo "2280"]
[BlackElo "2385"]
[Annotator "Gabriele Ballarin"]
[PlyCount "89"]
[EventDate "1974.10.01"]
[EventType "tourn"]
[EventRounds "13"]
[EventCountry "ITA"]
[EventCategory "3"]

1. d4 Nf6 2. Nc3 d5 3. Bg5 Bf5 4. Nf3 Nbd7 5. e3 e6 6. Bd3 Bxd3 7. cxd3 Be7 8. O-O h6 9. Bxf6 Bxf6 10. e4 dxe4 11. dxe4 c6 12. Qb3 Qb6 13. Qc4 O-O 14. b4 Rac8 15. a4 e5 16. dxe5 Nxe5 17. Nxe5 Bxe5 18. Rad1 Rfd8 19. Ne2 Rxd1 20. Rxd1 Rd8 21. Rxd8+ Qxd8 22. f4 Qd2 23. g3 Bd6 24. b5 cxb5 25. axb5 Qb4 26. Qxb4 Bxb4 27. Nc1 Bc5+ 28. Kf1 a6 29. bxa6 bxa6 30. Na2 g5 31. h3 gxf4 32. gxf4 Be3 33. f5 Bf4 34. Nc3 Be5 35. Na4 Kg7 36. Ke2 Bd6 37. Kd3 Kf6 38. Kd4 Kg5 39. e5 Bf8 40. Ke4 Kh4 41. Nb6 Kxh3 42. e6 h5 43. Nd7 fxe6 44. Nxf8 exf5+ 45. Kxf5 1/2-1/2

[Event "35.C.to Italiano"]
[Site "Castelvecchio Pascoli - Barga"]
[Date "1974.10.10"]
[Round "9"]
[White "Nestler, Vincenzo"]
[Black "Micheli, Carlo"]
[Result "1-0"]
[WhiteElo "2220"]
[BlackElo "2320"]
[Annotator "Gabriele Ballarin"]
[PlyCount "101"]
[EventDate "1974.10.01"]
[EventType "tourn"]
[EventRounds "13"]
[EventCountry "ITA"]
[EventCategory "3"]

1. Nf3 Nf6 2. d4 d6 3. Nbd2 g6 4. e4 Bg7 5. Bc4 d5 6. exd5 O-O 7. O-O Nxd5 8. c3 Nc6 9. Re1 e6 10. Ne4 h6 11. Bd2 a5 12. Bb5 Nce7 13. Qc1 Nf5 14. Ng3 Nde7 15. Bd3 Kh7 16. Qc2 Bd7 17. Ne5 Be8 18. a4 Rc8 19. Ne4 b6 20. Ba6 Ra8 21. Bc4 Nd5 22. Nf3 c6 23. Rad1 Qc7 24. Ng3 Nde7 25. Bd3 Rd8 26. Be4 c5 27. dxc5 bxc5 28. Bf4 Qb6 29. Rxd8 Qxd8 30. Rd1 Qc8 31. Be5 f6 32. Bxf5 fxe5 33. Be4 Nf5 34. Nf1 Qc7 35. b3 Nd6 36. N3d2 Qf7 37. Nf3 Nxe4 38. Qxe4 Qf4 39. N1d2 Qf5 40. Re1 Qf6 41. Nc4 Qd8 42. Nfxe5 h5 43. g3 Rf5 44. f4 Qb8 45. Qc2 Qc7 46. h4 Kg8 47. Qd3 Bf8 48. Rd1 Bc6 49. Qd8 Qxd8 50. Rxd8 Bd5 51. Nxa5 1-0

[Event "35.C.to Italiano"]
[Site "Castelvecchio Pascoli - Barga"]
[Date "1974.10.10"]
[Round "9"]
[White "Tatai, Stefano"]
[Black "Primavera, Roberto"]
[Result "1-0"]
[WhiteElo "2430"]
[BlackElo "2280"]
[Annotator "Gabriele Ballarin"]
[PlyCount "67"]
[EventDate "1974.10.01"]
[EventType "tourn"]
[EventRounds "13"]
[EventCountry "ITA"]
[EventCategory "3"]

1. e4 g6 2. d4 Bg7 3. Nc3 d6 4. Be2 Nd7 5. Nf3 c6 6. a4 a5 7. O-O Ngf6 8. e5 Nd5 9. Nxd5 cxd5 10. exd6 e6 11. b3 Nf6 12. Ne5 Qxd6 13. Ba3 Qc7 14. Bb5+ Bd7 15. Nxd7 Nxd7 16. c4 Bf8 17. cxd5 Bxa3 18. dxe6 fxe6 19. Rxa3 O-O 20. d5 Qd6 21. dxe6 Qxa3 22. exd7 Qc5 23. Qd2 Kg7 24. Re1 Rad8 25. Qb2+ Kh6 26. Re3 Rf5 27. Re8 Rf8 28. h4 Qb4 29. Qc1+ Kg7 30. h5 Qd4 31. h6+ Kg8 32. Qc4+ Qxc4 33. Bxc4+ Kh8 34. Bf7 1-0

[Event "35.C.to Italiano"]
[Site "Castelvecchio Pascoli - Barga"]
[Date "1974.10.10"]
[Round "9"]
[White "Toth, Bela"]
[Black "Paoli, Enrico"]
[Result "1-0"]
[WhiteElo "2385"]
[BlackElo "2280"]
[Annotator "Gabriele Ballarin"]
[PlyCount "65"]
[EventDate "1974.10.01"]
[EventType "tourn"]
[EventRounds "13"]
[EventCountry "ITA"]
[EventCategory "3"]

1. d4 Nf6 2. c4 c5 3. d5 e6 4. Nc3 exd5 5. cxd5 d6 6. e4 g6 7. Nf3 Bg7 8. Be2 O-O 9. O-O a6 10. a4 Re8 11. Nd2 b6 12. f3 Nbd7 13. Nc4 Ne5 14. Nxe5 Rxe5 15. Be3 Re8 16. Qd2 Ra7 17. Rab1 Rae7 18. Bg5 Qc7 19. Bc4 Rf8 20. Rbe1 Ree8 21. f4 Nd7 22. e5 dxe5 23. d6 Qb8 24. Be7 b5 25. axb5 Nb6 26. Bd5 exf4 27. Qxf4 Nxd5 28. Nxd5 axb5 29. Nc7 Bf5 30. Nxe8 Rxe8 31. d7 Bxd7 32. Qxf7+ Kh8 33. Bf6 1-0

[Event "35.C.to Italiano"]
[Site "Castelvecchio Pascoli - Barga"]
[Date "1974.10.10"]
[Round "9"]
[White "Zichichi, Alvise"]
[Black "Contedini, Ennio"]
[Result "1/2-1/2"]
[WhiteElo "2355"]
[BlackElo "2270"]
[Annotator "Gabriele Ballarin"]
[PlyCount "30"]
[EventDate "1974.10.01"]
[EventType "tourn"]
[EventRounds "13"]
[EventCountry "ITA"]
[EventCategory "3"]

1. c4 e5 2. Nc3 Nc6 3. g3 g6 4. Bg2 Bg7 5. Nf3 Nge7 6. d3 d6 7. O-O O-O 8. Rb1 h6 9. b4 Nd4 10. Nd2 c6 11. e3 Ne6 12. Bb2 a5 13. a3 f5 14. f4 axb4 15. axb4 Qb6 1/2-1/2

[Event "35.C.to Italiano"]
[Site "Castelvecchio Pascoli - Barga"]
[Date "1974.10.11"]
[Round "10"]
[White "Contedini, Ennio"]
[Black "Nestler, Vincenzo"]
[Result "1/2-1/2"]
[WhiteElo "2270"]
[BlackElo "2220"]
[Annotator "Gabriele Ballarin"]
[PlyCount "53"]
[EventDate "1974.10.01"]
[EventType "tourn"]
[EventRounds "13"]
[EventCountry "ITA"]
[EventCategory "3"]

1. e4 c5 2. Nf3 e6 3. d4 cxd4 4. Nxd4 Nf6 5. Nc3 d6 6. Bc4 a6 7. Bb3 Be7 8. O-O O-O 9. f4 e5 10. Nf3 Nbd7 11. Kh1 b5 12. fxe5 dxe5 13. Nd5 Bb7 14. Bg5 Bxd5 15. exd5 Ne8 16. Bxe7 Qxe7 17. d6 Nxd6 18. Qd5 Rad8 19. Rad1 Nf5 20. Qe4 g6 21. g4 Nf6 22. Qxe5 Rxd1 23. Rxd1 Nxg4 24. Qxe7 Nxe7 25. Rd7 Nc6 26. Ng5 Nge5 27. Rd6 1/2-1/2

[Event "35.C.to Italiano"]
[Site "Castelvecchio Pascoli - Barga"]
[Date "1974.10.11"]
[Round "10"]
[White "Cosulich, Roberto"]
[Black "Zichichi, Alvise"]
[Result "1/2-1/2"]
[WhiteElo "2430"]
[BlackElo "2355"]
[Annotator "Gabriele Ballarin"]
[PlyCount "23"]
[EventDate "1974.10.01"]
[EventType "tourn"]
[EventRounds "13"]
[EventCountry "ITA"]
[EventCategory "3"]

1. c4 f5 2. Nc3 Nf6 3. g3 e5 4. Bg2 Nc6 5. e3 g6 6. d4 d6 7. d5 Ne7 8. f4 Bg7 9. Nf3 e4 10. Nd4 O-O 11. O-O c6 12. Bd2 1/2-1/2

[Event "35.C.to Italiano"]
[Site "Castelvecchio Pascoli - Barga"]
[Date "1974.10.11"]
[Round "10"]
[White "Primavera, Roberto"]
[Black "Paoli, Enrico"]
[Result "0-1"]
[WhiteElo "2280"]
[BlackElo "2280"]
[Annotator "Gabriele Ballarin"]
[PlyCount "170"]
[EventDate "1974.10.01"]
[EventType "tourn"]
[EventRounds "13"]
[EventCountry "ITA"]
[EventCategory "3"]

1. e4 c5 2. Nf3 e6 3. d4 cxd4 4. Nxd4 Nf6 5. Bd3 Nc6 6. Nxc6 bxc6 7. O-O d5 8. Nd2 Be7 9. Qe2 O-O 10. Kh1 Nd7 11. f4 Nc5 12. e5 Nxd3 13. cxd3 Rb8 14. Rf3 f5 15. Rh3 Qe8 16. Nb3 c5 17. Be3 c4 18. dxc4 Ba6 19. Bxa7 Bxc4 20. Qf2 Ra8 21. a3 Rf7 22. Bc5 Rb8 23. Bxe7 Rxb3 24. Rxb3 Bxb3 25. Bd6 Rb7 26. Rc1 h6 27. Qc5 Kh7 28. Kg1 Qa4 29. Qe3 d4 30. Qd2 Bd5 31. Bb4 Rd7 32. Qxd4 Bxg2 33. Qc3 Be4 34. Bd6 Rb7 35. b4 Ra7 36. Bc5 Ra8 37. Ra1 Qe8 38. Re1 Qg6+ 39. Qg3 Qxg3+ 40. hxg3 Rxa3 41. Re3 Ra2 42. b5 Rb2 43. b6 Bd5 44. Ra3 g5 45. Bd4 Rb4 46. Bc5 Rb5 47. Be3 Kg6 48. Rd3 Kh5 49. Kf2 Kg4 50. Rd2 Be4 51. Re2 Rb3 52. Rd2 gxf4 53. Bxf4 h5 54. Rd8 Rxb6 55. Rg8+ Kh3 56. Rh8 Rb2+ 57. Ke3 Rb3+ 58. Kf2 Rf3+ 59. Ke2 Kg2 60. Kd2 Rd3+ 61. Ke2 Ra3 62. Kd2 Bf3 63. Rh6 Ra6 64. Ke3 Rc6 65. Rh8 Rc7 66. Rh6 Rc3+ 67. Kd2 Rc6 68. Ke3 Bg4 69. Rg6 Rb6 70. Rh6 Ra6 71. Rf6 Ra3+ 72. Kd2 Kf3 73. Rh6 Ke4 74. Ke1 Ra6 75. Kf2 Kd3 76. Rh8 Ra2+ 77. Kf1 Bf3 78. Rb8 Bg2+ 79. Kg1 Bd5 80. Kf1 Ke4 81. Rh8 Kf3 82. Ke1 Ra1+ 83. Kd2 Rh1 84. Rc8 h4 85. Rh8 h3 0-1

[Event "35.C.to Italiano"]
[Site "Castelvecchio Pascoli - Barga"]
[Date "1974.10.11"]
[Round "10"]
[White "Tatai, Stefano"]
[Black "Rosino, Antonio"]
[Result "1-0"]
[WhiteElo "2430"]
[BlackElo "2200"]
[Annotator "Gabriele Ballarin"]
[PlyCount "81"]
[EventDate "1974.10.01"]
[EventType "tourn"]
[EventRounds "13"]
[EventCountry "ITA"]
[EventCategory "3"]

1. e4 e5 2. Nf3 Nc6 3. Bb5 Nf6 4. O-O Nxe4 5. d4 a6 6. Ba4 b5 7. Bb3 d5 8. dxe5 Be6 9. Qe2 Be7 10. Rd1 O-O 11. c4 bxc4 12. Bxc4 Qd7 13. Nc3 Nxc3 14. bxc3 f6 15. exf6 Bxf6 16. Bg5 Kh8 17. Qe3 Na5 18. Bf1 Rae8 19. Bxf6 Rxf6 20. Re1 Ref8 21. Bxa6 Qd6 22. Bd3 Bg8 23. Qe7 Qf4 24. Qb4 Nc4 25. Bxc4 dxc4 26. Qc5 c6 27. Qe3 Bd5 28. Qxf4 Rxf4 29. Re3 Bxf3 30. Rxf3 Rxf3 31. gxf3 Ra8 32. a4 Kg8 33. a5 Ra6 34. Kf1 Kf7 35. Ke2 Ke6 36. Ke3 Kd5 37. f4 c5 38. Kf3 g6 39. Ra2 Ke6 40. Ke4 Kf6 41. Kd5 1-0

[Event "35.C.to Italiano"]
[Site "Castelvecchio Pascoli - Barga"]
[Date "1974.10.12"]
[Round "11"]
[White "Nestler, Vincenzo"]
[Black "Cosulich, Roberto"]
[Result "1/2-1/2"]
[WhiteElo "2220"]
[BlackElo "2430"]
[Annotator "Gabriele Ballarin"]
[PlyCount "63"]
[EventDate "1974.10.01"]
[EventType "tourn"]
[EventRounds "13"]
[EventCountry "ITA"]
[EventCategory "3"]

1. Nf3 Nf6 2. d4 g6 3. Nbd2 Bg7 4. e3 O-O 5. Bd3 d6 6. O-O c5 7. dxc5 dxc5 8. Qe2 Nc6 9. Rd1 Qc7 10. c3 Nh5 11. a4 h6 12. Nc4 Be6 13. e4 Rad8 14. Be3 Nf4 15. Bxf4 Qxf4 16. Qe3 Qxe3 17. Nxe3 Na5 18. Bc2 Nc4 19. Rxd8 Rxd8 20. Rd1 Rxd1+ 21. Nxd1 g5 22. Kf1 g4 23. Ne1 h5 24. Ke2 Bh6 25. Nd3 b6 26. Bb3 Kg7 27. Bxc4 Bxc4 28. Ne3 Bxe3 29. Kxe3 Kf6 30. a5 e5 31. axb6 axb6 32. g3 1/2-1/2

[Event "35.C.to Italiano"]
[Site "Castelvecchio Pascoli - Barga"]
[Date "1974.10.12"]
[Round "11"]
[White "Paoli, Enrico"]
[Black "Mariotti, Sergio"]
[Result "0-1"]
[WhiteElo "2280"]
[BlackElo "2465"]
[Annotator "Gabriele Ballarin"]
[PlyCount "74"]
[EventDate "1974.10.01"]
[EventType "tourn"]
[EventRounds "13"]
[EventCountry "ITA"]
[EventCategory "3"]

1. e4 c5 2. Nf3 d6 3. d4 cxd4 4. Nxd4 Nf6 5. Nc3 a6 6. Be2 e6 7. O-O b5 8. a3 Bb7 9. Bd3 Nbd7 10. f4 d5 11. e5 Bc5 12. Nce2 Ne4 13. Be3 Qe7 14. c3 f6 15. exf6 Ndxf6 16. Qe1 Ng4 17. Bc1 O-O 18. h3 Ngf2 19. Bxe4 Nxe4 20. Be3 Nd6 21. Rd1 Nc4 22. Bc1 Rae8 23. Kh1 e5 24. fxe5 Qxe5 25. Ng1 Qh5 26. Rxf8+ Bxf8 27. Qf1 Nd6 28. Qf3 Qg6 29. Rf1 Ne4 30. Nge2 Bd6 31. Qf5 Qxf5 32. Rxf5 Nc5 33. Rf3 Be5 34. Kg1 Bf6 35. Re3 Ne4 36. Ng3 Bxd4 37. cxd4 Rc8 0-1

[Event "35.C.to Italiano"]
[Site "Castelvecchio Pascoli - Barga"]
[Date "1974.10.12"]
[Round "11"]
[White "Rosino, Antonio"]
[Black "Primavera, Roberto"]
[Result "0-1"]
[WhiteElo "2200"]
[BlackElo "2280"]
[Annotator "Gabriele Ballarin"]
[PlyCount "48"]
[EventDate "1974.10.01"]
[EventType "tourn"]
[EventRounds "13"]
[EventCountry "ITA"]
[EventCategory "3"]

1. e4 g6 2. d4 Bg7 3. Nf3 d6 4. Bc4 Nf6 5. Nbd2 O-O 6. Bb3 Nc6 7. c3 e5 8. dxe5 dxe5 9. O-O Qe7 10. Qe2 Nh5 11. g3 Bh3 12. Re1 Na5 13. Bc2 c5 14. Nf1 h6 15. Ne3 Rad8 16. Qb5 b6 17. b4 Nb7 18. a4 Qf6 19. Qe2 Qe6 20. Nd2 a5 21. Bb3 Rxd2 22. Qxh5 Qf6 23. Qxh3 Qxf2+ 24. Kh1 Qxe1+ 0-1

[Event "35.C.to Italiano"]
[Site "Castelvecchio Pascoli - Barga"]
[Date "1974.10.12"]
[Round "11"]
[White "Toth, Bela"]
[Black "Primavera, Giuseppe"]
[Result "1-0"]
[WhiteElo "2385"]
[BlackElo "2250"]
[Annotator "Gabriele Ballarin"]
[PlyCount "95"]
[EventDate "1974.10.01"]
[EventType "tourn"]
[EventRounds "13"]
[EventCountry "ITA"]
[EventCategory "3"]

1. d4 Nf6 2. c4 g6 3. Nc3 Bg7 4. e4 d6 5. Nf3 e5 6. Be2 O-O 7. dxe5 dxe5 8. Qxd8 Rxd8 9. Bg5 Re8 10. O-O-O Nc6 11. Nd5 Nxd5 12. cxd5 Nd4 13. Nxd4 exd4 14. f3 Bd7 15. Kb1 c5 16. dxc6 bxc6 17. Rc1 Rab8 18. Bd3 Be5 19. Bd2 Bd6 20. g4 c5 21. h4 Bb5 22. Bxb5 Rxb5 23. h5 Reb8 24. b3 a5 25. Rc4 Ra8 26. Ra4 g5 27. Kc2 h6 28. Kd3 f6 29. Kc4 Rab8 30. Rxa5 Rxa5 31. Bxa5 Ra8 32. Kb5 Kf7 33. a4 Ke6 34. Bb6 Ke5 35. Rd1 Kf4 36. Rd3 Rb8 37. a5 Ke5 38. Kc4 Rc8 39. a6 Ra8 40. a7 Ke6 41. Bxc5 Bxc5 42. Kxc5 Rxa7 43. Rxd4 Rc7+ 44. Kb4 Ke5 45. Rd5+ Ke6 46. Rc5 Rd7 47. Kc4 Rd1 48. b4 1-0